<?xml version="1.0" encoding="UTF-8"?>
<record
    xmlns:xsi="http://www.w3.org/2001/XMLSchema-instance"
    xsi:schemaLocation="http://www.loc.gov/MARC21/slim http://www.loc.gov/standards/marcxml/schema/MARC21slim.xsd"
    xmlns="http://www.loc.gov/MARC21/slim">

  <leader>00715nam a22001577a 4500</leader>
  <controlfield tag="003">OSt</controlfield>
  <controlfield tag="005">20151204151028.0</controlfield>
  <controlfield tag="008">151204b        xxu||||| |||| 00| 0 eng d</controlfield>
  <datafield tag="040" ind1=" " ind2=" ">
    <subfield code="c">RUA</subfield>
  </datafield>
  <datafield tag="082" ind1=" " ind2=" ">
    <subfield code="a">FIS KHE 2013 B185 Or.1</subfield>
  </datafield>
  <datafield tag="100" ind1=" " ind2=" ">
    <subfield code="9">4298</subfield>
    <subfield code="a">KHE, SRUY</subfield>
  </datafield>
  <datafield tag="245" ind1=" " ind2=" ">
    <subfield code="a">Water quality changes and lettuch growth in aquaponics system with rice hulls as media bed, &#x1794;&#x1798;&#x17D2;&#x179A;&#x17C2;&#x1794;&#x1798;&#x17D2;&#x179A;&#x17BC;&#x179B;&#x1782;&#x17BB;&#x178E;&#x1797;&#x17B6;&#x1796;&#x1791;&#x17B9;&#x1780; &#x1793;&#x17B7;&#x1784;&#x1780;&#x17B6;&#x179A;&#x179B;&#x17BC;&#x178F;&#x179B;&#x17B6;&#x179F;&#x17CB;&#x179A;&#x1794;&#x179F;&#x17CB;&#x179F;&#x17B6;&#x179B;&#x17B6;&#x178A;&#x17CF;&#x1780;&#x17D2;&#x1793;&#x17BB;&#x1784;&#x1794;&#x17D2;&#x179A;&#x1796;&#x17D0;&#x1793;&#x17D2;&#x1792; aquaponics &#x178A;&#x17C4;&#x1799;&#x1794;&#x17D2;&#x179A;&#x17BE;&#x1794;&#x17D2;&#x179A;&#x17B6;&#x179F;&#x17CB;&#x17A2;&#x1784;&#x17D2;&#x1780;&#x17B6;&#x1798;&#x1787;&#x17B6;&#x1785;&#x1798;&#x17D2;&#x179A;&#x17C4;&#x17C7;</subfield>
  </datafield>
  <datafield tag="260" ind1=" " ind2=" ">
    <subfield code="a">Phnom Penh</subfield>
    <subfield code="b">RUA</subfield>
    <subfield code="c">2013</subfield>
  </datafield>
  <datafield tag="300" ind1=" " ind2=" ">
    <subfield code="a">xii, 71p.</subfield>
    <subfield code="b">ill.</subfield>
    <subfield code="c">29cm.</subfield>
  </datafield>
  <datafield tag="942" ind1=" " ind2=" ">
    <subfield code="2">ddc</subfield>
    <subfield code="c">FIS</subfield>
  </datafield>
  <datafield tag="999" ind1=" " ind2=" ">
    <subfield code="c">4012</subfield>
    <subfield code="d">4012</subfield>
  </datafield>
  <datafield tag="952" ind1=" " ind2=" ">
    <subfield code="0">0</subfield>
    <subfield code="1">0</subfield>
    <subfield code="2">ddc</subfield>
    <subfield code="4">0</subfield>
    <subfield code="6">FIS_KHE_2013_000000000000000_B185_OR_1</subfield>
    <subfield code="7">0</subfield>
    <subfield code="9">20297</subfield>
    <subfield code="a">LBB</subfield>
    <subfield code="b">LBB</subfield>
    <subfield code="d">2015-12-04</subfield>
    <subfield code="o">FIS KHE 2013 B185 Or.1</subfield>
    <subfield code="p">RUA028628</subfield>
    <subfield code="r">2015-12-04</subfield>
    <subfield code="w">2015-12-04</subfield>
    <subfield code="y">FIS</subfield>
  </datafield>
  <datafield tag="952" ind1=" " ind2=" ">
    <subfield code="0">0</subfield>
    <subfield code="1">0</subfield>
    <subfield code="2">ddc</subfield>
    <subfield code="4">0</subfield>
    <subfield code="6">FIS_KHE_2013_000000000000000_B185_OR_2</subfield>
    <subfield code="7">0</subfield>
    <subfield code="9">20298</subfield>
    <subfield code="a">LBB</subfield>
    <subfield code="b">LBB</subfield>
    <subfield code="d">2015-12-04</subfield>
    <subfield code="l">3</subfield>
    <subfield code="m">2</subfield>
    <subfield code="o">FIS KHE 2013 B185 Or.2</subfield>
    <subfield code="p">RUA010856</subfield>
    <subfield code="r">2016-11-22</subfield>
    <subfield code="s">2016-10-11</subfield>
    <subfield code="w">2015-12-04</subfield>
    <subfield code="y">FIS</subfield>
  </datafield>
  <datafield tag="952" ind1=" " ind2=" ">
    <subfield code="0">0</subfield>
    <subfield code="1">0</subfield>
    <subfield code="2">ddc</subfield>
    <subfield code="4">0</subfield>
    <subfield code="6">FIS_KHE_2013_000000000000000_B185_OR_3</subfield>
    <subfield code="7">0</subfield>
    <subfield code="9">20299</subfield>
    <subfield code="a">LBB</subfield>
    <subfield code="b">LBB</subfield>
    <subfield code="d">2015-12-04</subfield>
    <subfield code="l">6</subfield>
    <subfield code="m">1</subfield>
    <subfield code="o">FIS KHE 2013 B185 Or.3</subfield>
    <subfield code="p">RUA028551</subfield>
    <subfield code="r">2024-08-30</subfield>
    <subfield code="s">2024-08-02</subfield>
    <subfield code="w">2015-12-04</subfield>
    <subfield code="y">FIS</subfield>
  </datafield>
  <datafield tag="952" ind1=" " ind2=" ">
    <subfield code="0">0</subfield>
    <subfield code="1">0</subfield>
    <subfield code="2">ddc</subfield>
    <subfield code="4">0</subfield>
    <subfield code="6">FIS_KHE_2013_000000000000000_B185_OR_4</subfield>
    <subfield code="7">0</subfield>
    <subfield code="9">20300</subfield>
    <subfield code="a">LBB</subfield>
    <subfield code="b">LBB</subfield>
    <subfield code="d">2015-12-04</subfield>
    <subfield code="o">FIS KHE 2013 B185 Or.4</subfield>
    <subfield code="p">RUA010581</subfield>
    <subfield code="r">2015-12-04</subfield>
    <subfield code="w">2015-12-04</subfield>
    <subfield code="y">FIS</subfield>
  </datafield>
  <datafield tag="952" ind1=" " ind2=" ">
    <subfield code="0">0</subfield>
    <subfield code="1">0</subfield>
    <subfield code="2">ddc</subfield>
    <subfield code="4">0</subfield>
    <subfield code="6">FIS_KHE_2013_000000000000000_B185_OR_5</subfield>
    <subfield code="7">0</subfield>
    <subfield code="9">20301</subfield>
    <subfield code="a">LBB</subfield>
    <subfield code="b">LBB</subfield>
    <subfield code="d">2015-12-04</subfield>
    <subfield code="l">1</subfield>
    <subfield code="o">FIS KHE 2013 B185 Or.5</subfield>
    <subfield code="p">RUA010871</subfield>
    <subfield code="r">2020-01-03</subfield>
    <subfield code="s">2019-12-24</subfield>
    <subfield code="w">2015-12-04</subfield>
    <subfield code="y">FIS</subfield>
  </datafield>
  <datafield tag="952" ind1=" " ind2=" ">
    <subfield code="0">0</subfield>
    <subfield code="1">0</subfield>
    <subfield code="2">ddc</subfield>
    <subfield code="4">0</subfield>
    <subfield code="6">FIS_KHE_2013_000000000000000_B185_OR_6</subfield>
    <subfield code="7">0</subfield>
    <subfield code="9">20302</subfield>
    <subfield code="a">LBB</subfield>
    <subfield code="b">LBB</subfield>
    <subfield code="d">2015-12-04</subfield>
    <subfield code="o">FIS KHE 2013 B185 Or.6</subfield>
    <subfield code="p">RUA010943</subfield>
    <subfield code="r">2015-12-04</subfield>
    <subfield code="w">2015-12-04</subfield>
    <subfield code="y">FIS</subfield>
  </datafield>
  <datafield tag="952" ind1=" " ind2=" ">
    <subfield code="0">0</subfield>
    <subfield code="1">0</subfield>
    <subfield code="2">ddc</subfield>
    <subfield code="4">0</subfield>
    <subfield code="6">FIS_KHE_2013_000000000000000_B185_OR_7</subfield>
    <subfield code="7">0</subfield>
    <subfield code="9">20303</subfield>
    <subfield code="a">LBB</subfield>
    <subfield code="b">LBB</subfield>
    <subfield code="d">2015-12-04</subfield>
    <subfield code="l">3</subfield>
    <subfield code="o">FIS KHE 2013 B185 Or.7</subfield>
    <subfield code="p">RUA028767</subfield>
    <subfield code="r">2018-12-26</subfield>
    <subfield code="s">2018-11-30</subfield>
    <subfield code="w">2015-12-04</subfield>
    <subfield code="y">FIS</subfield>
  </datafield>
  <datafield tag="952" ind1=" " ind2=" ">
    <subfield code="0">0</subfield>
    <subfield code="1">0</subfield>
    <subfield code="2">ddc</subfield>
    <subfield code="4">0</subfield>
    <subfield code="6">FIS_KHE_2013_000000000000000_B185_OR_8</subfield>
    <subfield code="7">0</subfield>
    <subfield code="9">20304</subfield>
    <subfield code="a">LBB</subfield>
    <subfield code="b">LBB</subfield>
    <subfield code="d">2015-12-04</subfield>
    <subfield code="o">FIS KHE 2013 B185 Or.8</subfield>
    <subfield code="p">RUA028695</subfield>
    <subfield code="r">2015-12-04</subfield>
    <subfield code="w">2015-12-04</subfield>
    <subfield code="y">FIS</subfield>
  </datafield>
  <datafield tag="952" ind1=" " ind2=" ">
    <subfield code="0">0</subfield>
    <subfield code="1">0</subfield>
    <subfield code="2">ddc</subfield>
    <subfield code="4">0</subfield>
    <subfield code="6">FIS_KHE_2013_000000000000000_B1_226_OR_1</subfield>
    <subfield code="7">0</subfield>
    <subfield code="9">78608</subfield>
    <subfield code="a">LBB</subfield>
    <subfield code="b">LBB</subfield>
    <subfield code="c">B1.226</subfield>
    <subfield code="d">2019-03-26</subfield>
    <subfield code="o">FIS KHE 2013 B1.226 Or.1</subfield>
    <subfield code="p">A36532</subfield>
    <subfield code="r">2019-03-26</subfield>
    <subfield code="w">2019-03-26</subfield>
    <subfield code="y">FIS</subfield>
  </datafield>
  <datafield tag="952" ind1=" " ind2=" ">
    <subfield code="0">0</subfield>
    <subfield code="1">0</subfield>
    <subfield code="2">ddc</subfield>
    <subfield code="4">0</subfield>
    <subfield code="6">FIS_KHE_2013_000000000000000_B1_226_OR_1</subfield>
    <subfield code="7">0</subfield>
    <subfield code="9">78681</subfield>
    <subfield code="a">LBB</subfield>
    <subfield code="b">LBB</subfield>
    <subfield code="c">B1.226</subfield>
    <subfield code="d">2019-03-26</subfield>
    <subfield code="l">1</subfield>
    <subfield code="o">FIS KHE 2013 B1.226 Or.1</subfield>
    <subfield code="p">A39809</subfield>
    <subfield code="r">2019-06-24</subfield>
    <subfield code="s">2019-06-19</subfield>
    <subfield code="w">2019-03-26</subfield>
    <subfield code="y">FIS</subfield>
  </datafield>
</record>
